• 首页
  • 本馆介绍
  • 公告通知
  • 最新文献
  • 馆藏检索
  • 电子资源
  • 读者荐购
  • 参考咨询
  • CALIS
  • 我的图书馆
  • 登录
  • 详细信息显示
  • 放入我的书架
  • 预约/预借图书
  • 作者相关作品
  • 分类相关作品
  • 丛书相关作品
  • 出版社相关作品

书目信息

  • 表格格式
  • 工作单格式
  • 卡片格式
题名:
爱看书的广告
    
 
作者: 范用 编
分册:  
出版信息: 北京   生活·读书·新知三联书店  2004.04
页数: 231页
开本: 20cm
丛书名:
单 册:
中图分类: F713.8
科图分类:
主题词:
电子资源:
ISBN: 7-108-01998-1
 
 
 
 
 
000 00511nam0 2200181 450
001 0558062637
005 20050608161019.22
010    @a7-108-01998-1@d24.00CNY
100    @a20050608d2004 km y0chiy0120 ea
101 0  @achi
102    @aCN@b110000
200 1  @a爱看书的广告@Aai kan shu de guang gao@f范用编@Ffan yong bian
210    @a北京@c生活·读书·新知三联书店@d2004.04
215    @a231页@d20cm
690    @aF713.8@v4
701  0 @a范用@Afan yong@4编
801  0 @aCN@bPFT@c20050608
905    @a10447@dF713.8@eF152
    
    爱看书的广告/范用编.-北京:生活·读书·新知三联书店,2004.04
    231页;20cm
    
    
    ISBN 7-108-01998-1:24.00CNY
    
●
相关链接 在E读中查询图书 在当当中查询图书 在豆瓣中查询图书


正题名:爱看书的广告     索取号:F713.8/F152         预约/预借

序号 登录号 条形码 馆藏地/架位号 状态 备注
1 536430   205364309   社科库409/409社科库 44排4列4层/ [索取号:F713.8/F152] 在馆    
2 536431   205364318   社科库409/409社科库 44排4列4层/ [索取号:F713.8/F152] 在馆    
3 536432   205364327   社科库409/409社科库 44排4列4层/ [索取号:F713.8/F152] 在馆    
河南城建学院图书馆 欢迎您!
大连网信软件有限公司© 版权所有